LEADER 02115nam 22006495u 450 001 9910157649503321 005 20211006145357.0 010 $a9783318035803 010 $a3318035807 035 $a(CKB)3780000000102181 035 $a(OCoLC)1046110503 035 $a(SZ-BaSKA)218600 035 $a(PPN)269394826 035 $a(MiAaPQ)EBC31866656 035 $a(Au-PeEL)EBL31866656 035 $a(EXLCZ)993780000000102181 100 $a20211006d1975 uy 0 101 0 $aeng 135 $aurunu||||| 181 $ctxt$2rdacontent 182 $cc$2rdamedia 183 $acr$2rdacarrier 200 10$aThe Gut and Nutrition : $e12th Symposium of the Group of European Nutritionists, Cambridge, July 1973: Proceedings / $f editors, J.C. Somogyi, I. Macdonald 205 $a1st ed. 210 $aBasel : $cS. Karger, $d1975 215 $a1 online resource (VIII + 124 pages) : $c 29 figures, 21 tables 225 1 $aIssn Series 311 08$a9783805517386 311 08$a3805517386 327 $a978-3-8055-1738-6_Cover -- 978-3-8055-1738-6_00I -- 978-3-8055-1738-6_001 -- 978-3-8055-1738-6_017 -- 978-3-8055-1738-6_028 -- 978-3-8055-1738-6_042 -- 978-3-8055-1738-6_050 -- 978-3-8055-1738-6_061 -- 978-3-8055-1738-6_074 -- 978-3-8055-1738-6_086 -- 978-3-8055-1738-6_101 -- 978-3-8055-1738-6_109. 410 0$aIssn Series 517 $aGut and Nutrition 606 $aNutrition 606 $aBiochemistry 606 $aCell Biology 606 $aGastroenterology 606 $aMetabolism 606 $aMolecular Biology 606 $aPhysiology 615 14$aNutrition 615 14$aBiochemistry 615 14$aCell Biology 615 14$aGastroenterology 615 14$aMetabolism 615 14$aMolecular Biology 615 14$aPhysiology 676 $a641.1/08 s 676 $a612/.3 700 $aSomogyi$b J.C 701 0$aSomogyi$b Johann Carl$01230448 701 0$aMacdonald$b Ian$f1921-$0307792 801 0$bUKSKG 801 1$bUKSKG 906 $aBOOK 912 $a9910157649503321 996 $aThe Gut and Nutrition$92858328 997 $aUNINA LEADER 02183nam 2200673Ia 450 001 9910968415903321 005 20250513230445.0 035 $a(CKB)3170000000047618 035 $a(OCoLC)787846596 035 $a(CaPaEBR)ebrary10539458 035 $a(SSID)ssj0000726526 035 $a(PQKBManifestationID)11956233 035 $a(PQKBTitleCode)TC0000726526 035 $a(PQKBWorkID)10683914 035 $a(PQKB)11659293 035 $a(MiAaPQ)EBC3327228 035 $a(Au-PeEL)EBL3327228 035 $a(CaPaEBR)ebr10539458 035 $a(EXLCZ)993170000000047618 100 $a20100408d2010 uy 0 101 0 $aswe 135 $aurcnu|||||||| 181 $ctxt 182 $cc 183 $acr 200 10$aVägen ut ur Afghanistan /$fPierre Schori 210 $aStockholm $cLeopard$d2010 215 $a1 online resource (139 p.) 225 0 $aLeopard debatt 300 $aBibliographic Level Mode of Issuance: Monograph 311 08$a91-7343-284-9 327 $aIntro -- Innehåll -- Förord -- 1. Afghanistan - Sovjetunionens Vietnam -- 2. Kan det kollapsade Afghanistan återupprättas? -- 3. Europa söker en egen strategi -- 4. Vad vill Obama? -- 5. Vägen ut ur Afghanistan -- 6. Förenta Nationerna i fara -- 7. Sveriges vägval -- Ordlista. 606 $aSvenska fredsbevarande styrkor$zAfghanistan$2sao 606 $aFredsbevarande operationer 606 $aFN 606 $aSvenska fredsbevarande styrkor 606 $aAfghanistan 606 $aPeacekeeping operations 606 $aUN 606 $aPeacekeeping forces 610 $aAfghanistan 610 $aFredsbevarnade styrkor 615 7$aSvenska fredsbevarande styrkor 615 4$aFredsbevarande operationer. 615 4$aFN. 615 4$aSvenska fredsbevarande styrkor. 615 4$aAfghanistan. 615 4$aPeacekeeping operations. 615 4$aUN. 615 4$aPeacekeeping forces. 676 $a355.357 700 $aSchori$b Pierre$f1938-$01818421 801 0$bMiAaPQ 801 1$bMiAaPQ 801 2$bMiAaPQ 906 $aBOOK 912 $a9910968415903321 996 $aVägen ut ur Afghanistan$94377584 997 $aUNINA